banner-ar

السيتولوجيا والوراثة السيتولوجية / (Record no. 33203)

MARC details
000 -الفاتح
حقل البيانات ثابتة الطول 00745nam a2200253Ia 4500
008 - عناصر البيانات ثابتة الطول - معلومات عامة
حقل البيانات ثابتة الطول 140319s9999 xx 000 0 ara d
040 ## - مصدر الفهرسة
وكالة الفهرسة الأصلية GCL /
وكالة النسخ GCL
082 04 - رقم تصنيف ديوى العشرى
رقم التصنيف 574.87
رقم المادة س س
100 1# - المدخل الرئيسى - إسم شخصى
الإسم الشخصى محمد عزيز (مترجم)
245 10 - بيان العنوان
العنوان السيتولوجيا والوراثة السيتولوجية /
بيان المسئوليه,etc محمد عزيز (مترجم)
700 1# - المدخل الاضافى - اسم شخصى
الإسم الشخصى سوانسون، كارل
700 1# - المدخل الاضافى - اسم شخصى
الإسم الشخصى حسين سعيد
300 ## - الوصف المادى
التعداد 796 ص
490 ## - بيان السلسلة
عنوان السلسلة
650 04 - المدخل الاضافى بالموضوع-مصطلح موضوعى
مصطلح موضوعي العلم
650 04 - المدخل الاضافى بالموضوع-مصطلح موضوعى
مصطلح موضوعي الاجنة
650 04 - المدخل الاضافى بالموضوع-مصطلح موضوعى
مصطلح موضوعي الاحياء
650 04 - المدخل الاضافى بالموضوع-مصطلح موضوعى
مصطلح موضوعي الكيمياء الفسيولوجية
650 04 - المدخل الاضافى بالموضوع-مصطلح موضوعى
مصطلح موضوعي الانسجة
650 04 - المدخل الاضافى بالموضوع-مصطلح موضوعى
مصطلح موضوعي الخلايا
942 ## - عناصر المدخل الإضافي( كوها)
مصدر التصنيف او مخطط الترفيف Dewey Decimal Classification
Koha [default] item type كتاب
260 ## - PUBLICATION, DISTRIBUTION, ETC. (IMPRINT)
-- [S.N] :
-- دار الفكر العربى
Holdings
حالة التراجع حالة الفقد حالة تلف ليس للاعارة المكان المؤقت الموقع الحالى تاريخ الاكتساب اجمالي اﻻعارات رقم الطلب الباركود تاريخ اخر مشاهدة تاريخ تفعيل السعر نوع وعاء كوها
        مكتبة القاهرة الكبرى مكتبة القاهرة الكبرى 03/26/2014   574.87\س س 78908 03/26/2014 03/26/2014 كتاب

Powered By

EGPV